Partit dels Socialistes de Catalunya (PSC-PSOE) : cronologia (juliol 1978 - desembre 1999) / Eugeni Giral Quintana cronologia (juliol 1978 - desembre 1999) / Eugeni Giral Quintana
ISBN:
84-699-8694-5
Descripción Física:
165 p. ; 21 cm
Colección:
Col·lecció grana ; 16
MARC
| LEADER | 00000nam a2200000Ia 4500 | ||
|---|---|---|---|
| 001 | 14383 | ||
| 008 | 160829s2002 xx 000 0 cat d | ||
| 020 | |a 84-699-8694-5 | ||
| 080 | |a M-4-218 | ||
| 100 | |a Giral Quintana, Eugeni |9 24866 | ||
| 245 | |a Partit dels Socialistes de Catalunya (PSC-PSOE) : |b cronologia (juliol 1978 - desembre 1999) / Eugeni Giral Quintana | ||
| 260 | |a Barcelona : |b Institut de Ciències Polítiques i Socials, |c 2002 | ||
| 300 | |a 165 p. ; |c 21 cm | ||
| 490 | |a Col·lecció grana ; 16 | ||
| 590 | |a Índex. | ||
| 590 | |a Bibliografia | ||
| 650 | |a Partit dels Socialistes de Catalunya (PSC-PSOE) |x Cronologia |x 1978/1999 |9 24867 | ||
| 710 | 2 | |a Institut de Ciències Polítiques i Socials (Barcelona, Catalunya) |9 55871 | |
| 901 | |a Arxiu | ||
| 942 | |n 1 | ||
| 952 | |0 0 |1 0 |4 0 |6 M4218 |7 1 |9 43348 |a Arxiu |b Arxiu |d 2016-12-01 |l 0 |o M-4-218 |p 14383 |r 2016-12-01 00:00:00 |w 2016-12-01 |y ARXIU | ||
| 999 | |c 45893 |d 45893 | ||